000 00425pab a2200169 454500
008 180718b2013 xxu||||| |||| 00| 0 eng d
100 _aKulkarni, Himanshu
245 _aPunjab water syndrome: Diagnostics and prescriptions
260 _c2013
300 _ap.64-73.
362 _a28 Dec
650 _aGroundwater
700 _aShah, Mihir
773 _aEconomic and Political Weekly
908 _aN
909 _a103359
999 _c103355
_d103355